Catálogo

EVALUACION DE PROYECTOS (Registro nro. 30738)

Detalles MARC
000 -LEADER
fixed length control field 00686nam a2200181 a 4500
001 - CONTROL NUMBER
control field 30738
005 - DATE AND TIME OF LATEST TRANSACTION
control field 20230803131727.0
008 - FIXED-LENGTH DATA ELEMENTS--GENERAL INFORMATION
fixed length control field 140415s2006 mx 000 0 spa d
020 ## - INTERNATIONAL STANDARD BOOK NUMBER
International Standard Book Number 139789701056875
041 ## - LANGUAGE CODE
Language code of text/sound track or separate title spa
082 ## - DEWEY DECIMAL CLASSIFICATION NUMBER
Classification number 658
Item number BAC
100 1# - MAIN ENTRY--PERSONAL NAME
Personal name Baca Urbina, Gabriel,
9 (RLIN) 1659
245 10 - TITLE STATEMENT
Title EVALUACION DE PROYECTOS
250 ## - EDITION STATEMENT
Edition statement 5ª EDICIÓN
260 ## - PUBLICATION, DISTRIBUTION, ETC.
Place of publication, distribution, etc. MEXICO :
Name of publisher, distributor, etc. MC GRAW HILL,
Date of publication, distribution, etc. 2006
300 ## - PHYSICAL DESCRIPTION
Extent 391
Dimensions 19.05 x 3 x 24.05
520 ## - SUMMARY, ETC.
Summary, etc. EN ESTE NUEVA EDICION SE INCORPORAN ADEMAS DE PRESIONES IMPORTANTEA, ASPECTOS DE MAYOR PROFUNDIDAD EN ALGUNOS TEMAS NUEVOS. POR OTRO LADO, EN EL ANALISIS ECONOMICO SE HACE UNA MAYOY PRESICION EN LA DETERMINACIÓN DEL PUNTO DE EQUILIBRIO.
Existencias
Withdrawn status Lost status Source of classification or shelving scheme Damaged status Not for loan Collection code Home library Current library Shelving location Date acquired Source of acquisition Total Checkouts Full call number Barcode Date last seen Date last checked out Price effective from Koha item type
    Dewey Decimal Classification     General Tehuacán Tehuacán Sala general 03/12/2013 Compra   658 BAC 505304 08/01/2025 20/05/2016 03/12/2013 Libro
    Dewey Decimal Classification     General Tehuacán Tehuacán Sala general 03/12/2013 Compra   658 BAC 505294 08/01/2025 24/05/2016 03/12/2013 Libro